ঢ়
ক্ষ
ড়
ঢ়
য়
র-ফলা‌‌‌
 
 
য-ফলা
ি
 
 
রেফ
 
 
 
যুক্ত করুন/হসন্ত
Space
Enter

Motivate : (Record no. 8320)

000 -LEADER
fixed length control field 00586nam a22002057a 4500
001 - CONTROL NUMBER
control field 21762
003 - CONTROL NUMBER IDENTIFIER
control field BD-DhUAP
005 - DATE AND TIME OF LATEST TRANSACTION
control field 20230605124647.0
008 - FIXED-LENGTH DATA ELEMENTS--GENERAL INFORMATION
fixed length control field 230605b2013 uk a|||| |||| 000 0 eng d
020 ## - INTERNATIONAL STANDARD BOOK NUMBER
International Standard Book Number 9780230451513
040 ## - CATALOGING SOURCE
Original cataloging agency BD-DhUAP
Language of cataloging eng
Transcribing agency BD-DhUAP
Modifying agency BD-DhUAP
082 ## - DEWEY DECIMAL CLASSIFICATION NUMBER
Edition number 22
Classification number 428.34 JOH
100 ## - MAIN ENTRY--PERSONAL NAME
Personal name Johnston, Olivia.
245 ## - TITLE STATEMENT
Title Motivate :
Remainder of title Workbook /
Statement of responsibility, etc. Olivia Johnston.
260 ## - PUBLICATION, DISTRIBUTION, ETC.
Place of publication, distribution, etc. London :
Name of publisher, distributor, etc. MACMILLAN,
Date of publication, distribution, etc. 2013.
300 ## - PHYSICAL DESCRIPTION
Extent 144 p. ;
Other physical details Include Illustrations ; 2 audio CDs
Dimensions 25 cm.
650 ## - SUBJECT ADDED ENTRY--TOPICAL TERM
Topical term or geographic name entry element English
General subdivision Grammar
650 ## - SUBJECT ADDED ENTRY--TOPICAL TERM
Topical term or geographic name entry element English
General subdivision Vocabulary
942 ## - ADDED ENTRY ELEMENTS (KOHA)
Source of classification or shelving scheme
Koha item type Book
Holdings
Withdrawn status Lost status Source of classification or shelving scheme Damaged status Not for loan Permanent Location Current Location Shelving location Date acquired Full call number Barcode Date last seen Copy number Cost, replacement price Price effective from Koha item type
          UAP Central Library UAP Central Library General Stacks 2023-06-05 428.34 JOH 3010021762 2023-06-05 1 11150.00 2023-06-05 Book

All rights reserved © UAP Central Library,
University of Asia Pacific.